ბათუმის შოთა რუსთაველის სახელმწიფო უნივერსიტეტის ბიბლიოთეკა

ინსტრუქცია DIGNITAS PERSONAE პიროვნების ღირსება რამდენიმე საკითხი ბიოთეკის შესახებ. (ბიბ.ჩანაწერი № 36588)

000 -LEADER
fixed length control field 00878nam a2200181Ia 4500
001 - CONTROL NUMBER
control field 2507
003 - CONTROL NUMBER IDENTIFIER
control field GE_BSU
008 - FIXED-LENGTH DATA ELEMENTS--GENERAL INFORMATION
fixed length control field 181216s||||||||xx |||||||||||||| ||und||
040 ## - CATALOGING SOURCE
Transcribing agency GE_BSU
080 ## - UNIVERSAL DECIMAL CLASSIFICATION NUMBER
Universal Decimal Classification number 176
245 ## - TITLE STATEMENT
Title ინსტრუქცია DIGNITAS PERSONAE პიროვნების ღირსება რამდენიმე საკითხი ბიოთეკის შესახებ.
245 ## - TITLE STATEMENT
Remainder of title სულხან საბა ორბელიანის სახ. თეოლოგიის კულტურისა და ისტორიის ინ–ტი რწმენის მოძღვრების კონფერენცია
245 ## - TITLE STATEMENT
Statement of responsibility, etc. [რედ. ფეიქრიშვილი, ჟუჟუნა
260 ## - PUBLICATION, DISTRIBUTION, ETC.
Place of publication, distribution, etc. თბილისი
260 ## - PUBLICATION, DISTRIBUTION, ETC.
Date of publication, distribution, etc. 2009
300 ## - PHYSICAL DESCRIPTION
Extent 45 გვ.
942 ## - ADDED ENTRY ELEMENTS (KOHA)
Koha item type წიგნი

არაა ხელმისაწვდომი ეგზემპლარები.